Miss Lonelyhearts /

Bibliographic Details
Main Author: West, Nathanael, 1903-1940
Format: Book
Language:English
Published: London : Grey Walls Press, 1949.

MARC

Tag First Indicator Second Indicator Subfields
LEADER 00000cam a2200000 i 4500
001 in00000013634
005 20151007052524.0
008 790515s1949 enk 00011 eng
010 |a  79304108  
035 |a (OCoLC)04119573 
035 |9 AAA8126AM 
040 |a DLC  |c DLC  |d m.c.  |d TXA  |d UtOrBLW 
049 |a TXAM  |c [A11485367] 
050 0 0 |a PS3545.E8334  |b M5 1949 
100 1 |a West, Nathanael,  |d 1903-1940. 
245 1 0 |a Miss Lonelyhearts /  |c by Nathanael West ; with an introduction by Alan Ross. 
264 1 |a London :  |b Grey Walls Press,  |c 1949. 
300 |a 116 pages ;  |c 19 cm. 
336 |a text  |b txt  |2 rdacontent 
337 |a unmediated  |b n  |2 rdamedia 
338 |a volume  |b nc  |2 rdacarrier 
999 |a MARS 
999 f f |s 3588c338-d75d-3b48-99fe-8570f03095a2  |i 47e7c50c-2495-3297-89f2-0b1a7a2116aa  |t 0 
952 f f |p normal  |a Texas A&M University  |b College Station  |c Sterling C. Evans Library  |d Evans: Library Stacks  |t 0  |e PS3545.E8334 M5 1949  |h Library of Congress classification  |i unmediated -- volume  |m A14811485367 
998 f f |a PS3545.E8334 M5 1949  |t 0  |l Evans: Library Stacks